000 00605nmc a2200241 a 4500
003 AR-BaBNM
005 20251128211344.0
008 114020s1999 ||||||||||||||000 | spa||
020 _a84-339-0896-0
040 _cAR-BaBNM
100 1 _aToussaint, Jean-Philippe
245 1 0 _aLa televisión
260 _aBarcelona
_bAnagrama
_c1999
300 _a191 p.
490 0 _aPanorama de narrativas
_vv. 426
650 4 _aLITERATURA CONTEMPORANEA
650 4 _aNOVELAS
653 _aLITERATURA BELGA
655 _aLITERATURA
700 1 _aEscuƩ, Josep
_etraductor
942 _cBK
998 _cmartin
999 _c19305
_d19305